000 00409nam a22001817a 4500
003 MPLRDC
005 20220104142328.0
008 210129b ||||| |||| 00| 0 eng d
020 _a978-962-14-4665-7
082 _a552.1 LX
100 _a刘霞
245 _a泡沫
_c
250 _a一刷
260 _a香港
_b万里书店
_c2011
300 _b191
650 _a国际经济
942 _cBK
_o552.1 LX
999 _c29933
_d29923